00512 a2200205 4500260001000000630002500010037001300035650002800048100002000076260003200096245007200128300001000200650003100210260000900241300000900250100000700259037001100266037001100277020001800288 aParis a657 - Comptabilité b2, Achat a6 - SCIENCES APPLIQUEES aKhlaifi, Rachid bLes Editions d'Oragnisation aExercices de comptabilité dans le cadre du nouveau plan comptable a68 p. aPlan comptable : exercices c1982 b22cm lFr aS 2029 aS 2032 a2-7081-0476-4